45 hari dalam tahanan maut Jepun

Bibliographic Details
Main Author: Ghulam Jie M.Khan
Format: Book
Published: Melaka : Associated Educational Distributors (M) Sdn Bhd , 1994
Series:Kisah manusia,peristiwa dan kejadian
Subjects:

MARC

LEADER 00000cam a2200000 7i4500
001 0000009401
002 000010236
005 20091007.0
020 |a 9679484009 
090 0 0 |a JF   |b GHU 
100 0 |a Ghulam Jie M.Khan 
245 1 0 |a 45 hari dalam tahanan maut Jepun   |c Ghulam Jie M.Khan 
260 |a Melaka :   |b Associated Educational Distributors (M) Sdn Bhd ,   |c 1994 
300 |a 36p. :   |b ill ;   |c 17cm. 
490 0 |a Kisah manusia,peristiwa dan kejadian 
650 0 0 |a Short stories, Malay 
999 |a 043019   |b BUKU   |c PINJAMAN   |e PERPUSTAKAAN KOMUNITI PETALING JAYA 
999 |a 043020   |b BUKU   |c PINJAMAN   |e PERPUSTAKAAN KOMUNITI PETALING JAYA